[Event "BAN-chT 1st League"]
[Site "Dhaka"]
[Date "2021.03.01"]
[Round "5.3"]
[White "Mohammad, Javed"]
[Black "Mohammed, Mainuddin"]
[Result "1-0"]
[WhiteElo "2191"]
[BlackElo "1936"]
[PlyCount "49"]
[EventDate "2021.02.25"]
[EventType "team-tourn"]
[EventRounds "11"]
[EventCountry "BAN"]
[SourceTitle "EXT 2022"]
[Source "ChessBase"]
[SourceDate "2021.10.06"]
[SourceVersion "1"]
[SourceVersionDate "2021.10.06"]
[SourceQuality "1"]
[WhiteTeam "Manha's Castle"]
[BlackTeam "Dhaka CC"]
[WhiteTeamCountry "BAN"]
[BlackTeamCountry "BAN"]

1. e4 e5 2. Nf3 Nf6 3. Nxe5 d6 4. Nf3 Nxe4 5. Nc3 d5 6. Qe2 Be7 7. Nxe4 dxe4 8. Qxe4 0-0 9. Bc4 Re8 10. Ne5 Rf8 11. 0-0 Nd7 12. d4 Nf6 13. Qd3 Qd6 14. Bf4 Qb6 15. Rfe1 Bd6 16. Bg5 Nd7 17. Qf3 Bxe5 18. dxe5 Qc5 19. Bb3 Nxe5 20. Qg3 Ng6 21. h4 Be6 22. h5 Nh8 23. Rxe6 fxe6 24. Bxe6+ Nf7 25. Bf6 1-0

[Event "BAN-chT 1st League"]
[Site "Dhaka"]
[Date "2021.02.25"]
[Round "1.2"]
[White "Mohammed, Mainuddin"]
[Black "Uten"]
[Result "0-1"]
[WhiteElo "1936"]
[BlackElo "2048"]
[PlyCount "68"]
[EventDate "2021.02.25"]
[EventType "team-tourn"]
[EventRounds "11"]
[EventCountry "BAN"]
[SourceTitle "EXT 2022"]
[Source "ChessBase"]
[SourceDate "2021.10.06"]
[SourceVersion "1"]
[SourceVersionDate "2021.10.06"]
[SourceQuality "1"]
[WhiteTeam "Dhaka CC"]
[BlackTeam "Esoft Arena"]
[WhiteTeamCountry "BAN"]
[BlackTeamCountry "BAN"]

1. e4 c5 2. Nc3 e6 3. g3 d5 4. exd5 exd5 5. Bg2 Nf6 6. d3 Be7 7. Nge2 Nc6 8. 0-0 0-0 9. Nf4 Bg4 10. Qd2 d4 11. Ncd5 Ne5 12. Nxe7+ Qxe7 13. f3 Bd7 14. Qf2 Bc6 15. Bd2 Qd6 16. Ne2 Rae8 17. h3 Nd5 18. f4 Nd7 19. Rfe1 Ne3 20. Bxc6 Qxc6 21. Rac1 Qa6 22. a3 Nxc2 23. Rxc2 Qxd3 24. Nxd4 cxd4 25. Rc7 Nf6 26. Bb4 Rxe1+ 27. Bxe1 Re8 28. Qf1 Qb3 29. Bf2 Nd5 30. Rd7 d3 31. Qg2 Nf6 32. Rd4 Qxb2 33. Qf1 d2 34. Qd1 Qxd4 0-1

[Event "BAN-chT"]
[Site "Dhaka"]
[Date "2018.12.11"]
[Round "6.5"]
[White "Mohammed, Mainuddin"]
[Black "Md Abu, Hanif"]
[Result "0-1"]
[WhiteElo "1950"]
[BlackElo "2002"]
[PlyCount "82"]
[EventDate "2018.12.06"]
[EventType "team-tourn"]
[EventRounds "11"]
[EventCountry "BAN"]
[SourceTitle "CBM 187 Extra"]
[Source "ChessBase"]
[SourceDate "2018.11.04"]
[SourceVersion "1"]
[SourceVersionDate "2018.11.04"]
[SourceQuality "1"]
[WhiteTeam "Fire Service & Civil Defense"]
[BlackTeam "Sonali Bank Sports"]
[WhiteTeamCountry "BAN"]
[BlackTeamCountry "BAN"]

1. e4 c6 2. d4 d5 3. exd5 cxd5 4. Bd3 Nf6 5. c3 Nc6 6. Bf4 Qb6 7. Qb3 e6 8. Nf3 Bd7 9. 0-0 Na5 10. Qc2 Bb5 11. Bxb5+ Qxb5 12. Nbd2 Be7 13. Rfe1 0-0 14. Ne5 Rac8 15. Re3 Nc6 16. Ndf3 Ne4 17. Nxc6 Qxc6 18. Ne5 Qe8 19. Rh3 f6 20. Ng4 Qg6 21. f3 Ng5 22. Qxg6 Nxh3+ 23. gxh3 hxg6 24. Re1 Kf7 25. Nf2 b5 26. Nd3 a5 27. a3 g5 28. Bd2 Bd6 29. Kg2 Rh8 30. Nf2 b4 31. axb4 axb4 32. Nd3 bxc3 33. Bxc3 Ra8 34. Re2 Ra1 35. Nc5 Rc8 36. b4 Rc1 37. Bb2 Rc4 38. Ba3 Ra8 39. Re3 Rc2+ 40. Kg1 Bxh2+ 41. Kh1 Bf4 0-1

[Event "BAN-chT"]
[Site "Dhaka"]
[Date "2018.12.10"]
[Round "5.1"]
[White "Mohammad Fahad, Rahman"]
[Black "Mohammed, Mainuddin"]
[Result "1-0"]
[WhiteElo "2381"]
[BlackElo "1950"]
[PlyCount "31"]
[EventDate "2018.12.06"]
[EventType "team-tourn"]
[EventRounds "11"]
[EventCountry "BAN"]
[SourceTitle "CBM 187 Extra"]
[Source "ChessBase"]
[SourceDate "2018.11.04"]
[SourceVersion "1"]
[SourceVersionDate "2018.11.04"]
[SourceQuality "1"]
[WhiteTeam "Saif Sporting Club"]
[BlackTeam "Fire Service & Civil Defense"]
[WhiteTeamCountry "BAN"]
[BlackTeamCountry "BAN"]

1. e4 e5 2. Nf3 Nf6 3. d4 Nxe4 4. Bd3 d5 5. Nxe5 Bd6 6. 0-0 0-0 7. Nc3 Bxe5 8. dxe5 Nc5 9. Nxd5 Nxd3 10. Qxd3 Nc6 11. Bf4 Be6 12. c4 Na5 13. Qg3 Bxd5 14. Bg5 Qd7 15. Bf6 g6 16. Qg5 1-0

[Event "BAN-chT"]
[Site "Dhaka"]
[Date "2018.12.06"]
[Round "1.3"]
[White "Hossain, Alamgir"]
[Black "Mohammed, Mainuddin"]
[Result "0-1"]
[WhiteElo "2052"]
[BlackElo "1950"]
[PlyCount "74"]
[EventDate "2018.12.06"]
[EventType "team-tourn"]
[EventRounds "11"]
[EventCountry "BAN"]
[SourceTitle "CBM 187 Extra"]
[Source "ChessBase"]
[SourceDate "2018.11.04"]
[SourceVersion "1"]
[SourceVersionDate "2018.11.04"]
[SourceQuality "1"]
[WhiteTeam "Sultana Kamal Smirity Pathagar"]
[BlackTeam "Fire Service & Civil Defense"]
[WhiteTeamCountry "BAN"]
[BlackTeamCountry "BAN"]

1. e4 e5 2. Nf3 Nf6 3. Nc3 Nc6 4. d4 exd4 5. Nxd4 Bb4 6. Nxc6 Bxc3+ 7. bxc3 bxc6 8. Bd3 d6 9. 0-0 0-0 10. Bg5 Qe7 11. f4 d5 12. Bxf6 Qxf6 13. exd5 Qxc3 14. dxc6 Qxc6 15. Kh1 Bb7 16. Qg4 f5 17. Qh3 Rf6 18. Rf2 Raf8 19. Rb1 Qc5 20. Re2 Bc6 21. Re5 Qd4 22. Qe3 Qa4 23. a3 Rg6 24. Rg1 Rg4 25. Rxf5 Rxf4 26. Qe6+ Kh8 27. Rxf4 Rxf4 28. Qc8+ Be8 29. Re1 Rf8 30. Qh3 h6 31. Qe6 Bb5 32. Bg6 Bc6 33. h3 Qh4 34. Kh2 Qf4+ 35. Kh1 Qg3 36. Rg1 Bxg2+ 37. Rxg2 Rf1+ 0-1

[Event "BAN-chB 41st"]
[Site "Dhaka"]
[Date "2015.10.16"]
[Round "2"]
[White "Mohammed, Mainuddin"]
[Black "Rahman, Syed Mahfuzur"]
[Result "1/2-1/2"]
[WhiteElo "2004"]
[BlackElo "2196"]
[PlyCount "56"]
[EventDate "2015.10.15"]
[EventType "swiss"]
[EventRounds "11"]
[EventCountry "BAN"]
[SourceTitle "CBM 169 Extra"]
[Source "ChessBase"]
[SourceDate "2015.12.18"]
[SourceVersion "1"]
[SourceVersionDate "2015.12.18"]
[SourceQuality "1"]

1. e4 c5 2. Nc3 Nc6 3. g3 g6 4. Bg2 Bg7 5. d3 d6 6. Nge2 Nf6 7. 0-0 0-0 8. f4 Bg4 9. h3 Bxe2 10. Nxe2 e5 11. f5 h6 12. Be3 Kh7 13. Qd2 Nd4 14. c3 Nxe2+ 15. Qxe2 Rc8 16. c4 g5 17. a3 Nd7 18. b4 b6 19. b5 a6 20. a4 Ra8 21. Ra2 Ra7 22. Rfa1 Qc7 23. Kh2 Rfa8 24. h4 gxh4 25. gxh4 axb5 26. axb5 Rxa2 27. Rxa2 Rxa2 28. Qxa2 Qd8 1/2-1/2

[Event "BAN-chB 41st"]
[Site "Dhaka"]
[Date "2015.10.15"]
[Round "1"]
[White "Mahbub, Uddin Ahmed"]
[Black "Mohammed, Mainuddin"]
[Result "0-1"]
[WhiteElo "1726"]
[BlackElo "2004"]
[PlyCount "67"]
[EventDate "2015.10.15"]
[EventType "swiss"]
[EventRounds "11"]
[EventCountry "BAN"]
[SourceTitle "CBM 169 Extra"]
[Source "ChessBase"]
[SourceDate "2015.12.18"]
[SourceVersion "1"]
[SourceVersionDate "2015.12.18"]
[SourceQuality "1"]

1. e4 e5 2. Nf3 Nf6 3. Nc3 Nc6 4. Bc4 Bc5 5. d3 h6 6. h3 a6 7. a3 d6 8. 0-0 0-0 9. Qe2 Be6 10. Bd5 Bxd5 11. Nxd5 Nxd5 12. exd5 Ne7 13. c4 Nf5 14. g3 Nxg3 15. Qd1 Nxf1 16. Kxf1 f5 17. Be3 Bxe3 18. fxe3 e4 19. Nd4 Qh4 20. Ke2 Qxh3 21. Kd2 f4 22. Qg1 fxe3+ 23. Qxe3 Qxe3+ 24. Kxe3 exd3 25. Kxd3 Rae8 26. Ne6 Rf7 27. b4 c6 28. Kd4 b5 29. Re1 cxd5 30. Kxd5 Rf3 31. Kxd6 Rxa3 32. Kd7 Ra8 33. Rg1 g5 34. Nc7 0-1